000
00219 a2200097 4500
001
30761
100
_a
Newton, R G
245
_a
Acting Improvised
260
_a
New York
_b
Thomas Nelson & Sons
_c
090
_c
20693
_d
20693
942
_a
NUST-CAE
_c
M
_c
11884
999
_c
265834
_d
265834